000 00604nam a2200229Ia 4500
003 OSt
005 20220928145620.0
006 a|||||r|||| 00| 0
007 ta
008 220927b |||||||| |||| 00| 0 eng d
024 _a81565
037 _cTextual
040 _aSDCL
_cSDCL
_beng
041 _2eng
_aeng
082 _aV1:19, L7
100 _aBerman Maureen R Ed.
_9513747
245 0 _aUnofficial diplomats.
260 _c1977
700 _a Johnson Joseph E Ed.
_9513748
942 _hV1:19, L7
_cTEXL
_2CC
999 _c834414
_d834414